Vrai ou Faux #1 (l'astronomie) - Statistiques

Statistiques générales
  • Ce quiz a été pris 280 fois
  • Le résultat moyen est 8 sur 10
Statistiques - réponses
Question Réponse % Correct
Notre galaxy s'appelle le voie rataché. Faux
97%
Aucune personne n'a marché sur la lune. Faux
95%
Mars est une planète rocheuse. Vrai
95%
Le soleil est une étoile. Vrai
95%
Aucune personne n'a marché sur mars. Vrai
91%
Notre soleil soleil est le soleil le plus chaud de l'univers. Faux
90%
Les avions peuvent voler dans l'espace Faux
89%
Jupiter est la planète la plus grande de notre système solaire. Vrai
88%
La lune de la terre est plus grande que vénus. Faux
85%
Le centre de la terre est l'endroit le plus chaud de la terre.(sur la surface) Faux
22%
Aucun quiz correspondant
Distribution des résultats
% des personnes avec chaque résultat
Percentile par nombre de réponses
Votre historique - résultats
Vous n’avez pas pris ce quiz